World currencies and their fractional units - Statistics

General Stats
  • This quiz has been taken 1,192 times
    1,149 since last reset
  • The average score is 171 of 366
Answer Stats
HINT ANSWER % Correct
Currency of Australia, Kiribati, Nauru and Tuvalu Australian dollar
96%
Bahamian currency Bahamian dollar
96%
Barbadian currency Barbadian dollar
96%
Belizean currency Belize dollar
96%
Bermudian currency Bermudian dollar
96%
Currency of Brunei and Singapore Brunei dollar
96%
Canadian currency Canadian dollar
96%
Caymanian currency Cayman Islands dollar
96%
Cook Islands currency Cook Islands dollar
96%
Currency of eight countries in the Caribbeans Eastern Caribbean dollar
96%
Fijian currency Fijian dollar
96%
Guyanese currency Guyanese dollar
96%
Hong Kong currency Hong Kong dollar
96%
British Virgin Islands currency British Virgin Islands dollar
96%
Kiribati currency Kiribati dollar
96%
Micronesian currency Micronesian dollar
96%
Nauruan currency Nauruan dollar
96%
Niuean currency Niue dollar
96%
Palauan currency Palauan dollar
96%
Pitcairn Islands currency Pitcairn Islands dollar
96%
Jamaican currency Jamaican dollar
96%
Liberian currency Liberian dollar
96%
Namibian currency Namibian dollar
96%
Taiwanese currency New Taiwan dollar (xīn tái bì)
96%
Currency of New Zealand, Cook Islands, Niue and Pitcairn Islands New Zealand dollar
96%
Currency of Singapore and Brunei Singapore dollar
96%
Solomon Islands currency Solomon Islands dollar
96%
Surinamese currency Surinamese dollar
96%
Tongan currency Tongan paʻanga
96%
Trinidad and Tobago currency Trinidad and Tobago dollar
96%
Tuvaluan currency Tuvaluan dollar
96%
Currency of the USA and ten other countries or territories United States dollar
96%
Currency of 26 countries Euro
94%
Lebanese currency Lebanese pound
90%
Syrian currency Syrian pound (lira)
90%
Argentine currency Argentine peso
86%
Currency of the UK and six other countries or territories British pound
86%
Fractional unit of Brunei and Singapore cents (sen)
86%
Chilean currency Chilean peso
86%
Colombian currency Colombian peso
86%
Cuban currency Cuban convertible peso
86%
Cuban currency Cuban peso
86%
Dominican (Republic) currency Dominican peso
86%
Egyptian currency Egyptian pound
86%
Falkland Islands currency Falkland Islands pound
86%
Gibraltar currency Gibraltar pound
86%
Currency of Guernsey and Alderney Guernsey pound
86%
Alderney currency Alderney pound
86%
Ascension currency Ascension pound
86%
South Georgia and the South Sandwich Islands currency South Georgia and the South Sandwich Islands pound
86%
Tristan da Cunha currency Tristan da Cunha pound
86%
Jersey currency Jersey pound
86%
Manx currency Manx pound
86%
Mexican currency Mexican peso
86%
Philippine currency Philippine piso (peso)
86%
Currency of St. Helena, Ascension and Tristan da Cunha Saint Helena pound
86%
South Sudanese currency South Sudanese pound
86%
Sudanese currency Sudanese pound
86%
Uruguayan currency Uruguayan peso
86%
Fractional unit of Morocco and Western Sahara centimes (cents)
85%
Aruban fractional unit | Bahamian fractional unit | Barbadian fractional unit | +31 others cents
85%
Fractional unit of Curaçao and Sint Maarten cents (centen)
85%
Somali fractional unit | Tanzanian fractional unit cents (senti)
85%
Second Taiwanese fractional unit cents (fēn)
85%
Guyanese fractional unit | Nauruan fractional unit | Palauan fractional unit | +3 others cents
85%
Tongan fractional unit seniti
85%
Currency of Japan and Zimbabwe Japanese yen
84%
Belarusian currency Belarusian rubieĺ (ruble)
81%
Currency of Russia and two other territories Russian ruble
81%
Transnistrian currency Transnistrian ruble
81%
Comorian currency Comorian franc
77%
Currency of India, Bhutan, Nepal and Zimbabwe Indian rupee
76%
Mauritian currency Mauritian rupee
76%
Nepalese currency Nepalese rupee
76%
Pakistani currency Pakistani rupee
76%
Seychellois currency Seychellois rupee
76%
Sri Lankan currency Sri Lankan rupee
76%
Currency of Switzerland and Liechtenstein Swiss franc
76%
Burundian currency Burundian franc
75%
Currency of six countries in Central Africa Central African CFA franc
75%
Currency of French Polynesia, New Caledonia, and Wallis and Futuna CFP franc
75%
Congolese (DR) currency Congolese franc
75%
Currency of Denmark and Faroe Islands Danish krone
75%
Djiboutian currency Djiboutian franc
75%
Guinean currency Guinean franc
75%
Norwegian currency Norwegian krone
75%
Rwandan currency Rwandan franc
75%
Currency of eight countries in West Africa West African CFA franc
75%
Bahraini currency Bahraini dinar
73%
Faroese currency Faroese króna
73%
Icelandic currency Icelandic króna
73%
Iranian fractional unit dinar
73%
Iraqi currency Iraqi dinar
73%
Jordanian currency Jordanian dinar
73%
Kuwaiti currency Kuwaiti dinar
73%
Libyan currency Libyan dinar
73%
North Macedonian currency Macedonian denar
73%
Swedish currency Swedish krona
73%
Tunisian currency Tunisian dinar
73%
Currency of Algeria and Western Sahara Algerian dinar (menkuc)
72%
Serbian currency Serbian dinar
72%
Turkish currency Turkish lira (lirası)
70%
Currency of China and Zimbabwe Chinese yuán
68%
Macanese currency Macanese pataca
67%
Alderney fractional unit | South Georgia and the South Sandwich Islands fractional unit pence
62%
Ascension fractional unit | Falkland Islands fractional unit | Fractional unit of Guernsey and Alderney | +6 others pence
62%
Somaliland currency Somaliland shilling
62%
Somali currency Somali shilling (shilin)
62%
Kenyan currency Kenyan shilling
61%
North Korean currency North Korean wŏn
60%
South Korean currency South Korean won
60%
Tanzanian currency Tanzanian shilling (shilingi)
60%
Ugandan currency Ugandan shilling
60%
Brazilian currency Brazilian real
57%
Israeli currency Israeli new shekel
55%
Bosnian and Herzegovinian currency Bosnia and Herzegovina convertible mark
54%
Czech currency Czech koruna
54%
Iranian currency Iranian rial
54%
Omani currency Omani rial
54%
Qatari currency Qatari riyal
54%
Saudi currency Saudi riyal
54%
Yemeni currency Yemeni rial
54%
Currency of South Africa, Lesotho, Namibia and Zimbabwe South African rand
53%
Polish currency Polish złoty
52%
Venezuelan currency Venezuelan bolívar soberano
48%
Thai currency Thai baht
46%
Vietnamese currency Vietnamese đồng
43%
Albanian currency Albanian lek
42%
Indonesian currency Indonesian rupiah
42%
Bulgarian currency Bulgarian lev
41%
Afghan currency Afghan afghani
39%
Libyan fractional unit | Qatari fractional unit dirham
38%
Currency of Morocco and Western Sahara Moroccan dirham (adrim)
38%
Emirati currency United Arab Emirates dirham
38%
Hungarian currency Hungarian forint
37%
Moldovan currency Moldovan leu
36%
Romanian currency Romanian leu
36%
Peruvian currency Peruvian sol
33%
Cape Verdean currency Cape Verdean escudo
31%
Guatemalan currency Guatemalan quetzal
31%
Fractional unit of Switzerland and Liechtenstein Rappen (centimes, centesimi, raps)
31%
Haitian fractional unit centimes
30%
Ethiopian fractional unit santim
30%
Congolese (DR) fractional unit centimes
29%
Croatian currency Croatian kuna
29%
Burundian fractional unit | Comorian fractional unit | Djiboutian fractional unit | +4 others centimes
29%
Fractional unit of Algeria and Western Sahara centimes (santeem)
29%
Second fractional unit of Japan and Zimbabwe rin
29%
Malaysian currency Malaysian ringgit
28%
Currency of Curaçao and Sint Maarten Netherlands Antillean guilder (gulden, florin)
28%
Bolivian currency Bolivian boliviano
26%
Ecuadorian fractional unit | Timorese fractional unit centavo
26%
Argentine fractional unit | Bolivian fractional unit | Brazilian fractional unit | +6 others centavos
26%
Cuban fractional unit centavos convertibles
26%
Cape Verdean fractional unit | Chilean fractional unit | Colombian fractional unit | Dominican (Republic) fractional unit centavos
26%
Philippine fractional unit sentimos (centavos)
26%
Ukrainian currency Ukrainian hryvnia
26%
Kyrgyzstani currency Kyrgyzstani som
25%
Uzbekistani currency Uzbekistani soʻm
25%
Costa Rican currency Costa Rican colón
24%
Paraguayan currency Paraguayan guaraní
24%
Sahrawi currency Sahrawi peseta
24%
Salvadoran currency Bitcoin
23%
Angolan currency Angolan kwanza
22%
Transnistrian fractional unit kopeks
22%
Currency of Armenia and Artsakh Armenian dram
21%
Azerbaijani currency Azerbaijani manat
21%
Artsakh currency Artsakh dram
21%
Fractional unit of Russia and two other territories kopeks
21%
Turkmen currency Turkmenistan manat
21%
Bangladeshi currency Bangladeshi taka
20%
Ethiopian currency Ethiopian birr
20%
Ukrainian fractional unit kopiyok
20%
Malawian currency Malawian kwacha
20%
Sierra Leonean currency Sierra Leonean leone
20%
Zambian currency Zambian kwacha
20%
Cambodian currency Cambodian riel
19%
Georgian currency Georgian lari
19%
Haitian currency Haitian gourde
19%
Fractional unit of Japan and Zimbabwe | Indonesian fractional unit | Second Cambodian fractional unit sen
19%
Maldivian fractional unit laari
19%
Mongolian currency Mongolian tögrög
19%
Nigerian currency Nigerian naira
19%
Malaysian fractional unit sen
19%
Honduran currency Honduran lempira
18%
Afghan fractional unit pul
18%
Kazakhstani currency Kazakhstani tenge
18%
Lao currency Lao kip
18%
Panamanian currency Panamanian balboa
18%
Turkmen fractional unit tenge (teňňe)
18%
Currency of Botswana and Zimbabwe Botswana pula
17%
Ghanaian currency Ghanaian cedi
17%
Belarusian fractional unit kapiejki (kopek)
17%
Nicaraguan currency Nicaraguan córdoba
17%
Aruban currency Aruban florin
16%
Bhutanese currency Bhutanese ngultrum
16%
Vanuatuan currency Vanuatu vatu
16%
Myanmar currency Burmese kyat
15%
Malagasy currency Malagasy ariary
15%
Papua New Guinean currency Papua New Guinean kina
15%
Samoan currency Samoan tālā
15%
Tajikistani currency Tajikistani somoni
15%
Second fractional unit of the USA and ten other countries or territories milles
14%
Norwegian fractional unit øre
14%
Swedish fractional unit öre
14%
Maldivian currency Maldivian rufiyaa
14%
Currency of Mauritania and Western Sahara Mauritanian ouguiya
14%
Mozambican currency Mozambican metical
14%
Fractional unit of Denmark and Faroe Islands øre
14%
Angolan fractional unit | São Toméan fractional unit cêntimos
13%
Peruvian fractional unit | Venezuelan fractional unit céntimos
13%
Eritrean currency Eritrean nakfa
13%
Gambian currency Gambian dalasi
13%
Costa Rican fractional unit | Paraguayan fractional unit | Sahrawi fractional unit céntimos
13%
Lesotho currency Lesotho loti
13%
São Toméan currency São Tomé and Príncipe dobra
13%
Second fractional unit of China and Zimbabwe fēn
12%
Bosnian and Herzegovinian fractional unit pfenigs (fenings)
12%
Swazi currency Swazi lilangeni
12%
Pakistani fractional unit paisa
10%
Fractional unit of India, Bhutan, Nepal and Zimbabwe paise
10%
Lesotho fractional unit lisente
10%
Polish fractional unit groszy
8%
Nepalese fractional unit paisa
8%
Israeli fractional unit agoras
7%
Moldovan fractional unit | Romanian fractional unit bani
7%
Tajikistani fractional unit diram
7%
Bahraini fractional unit | Emirati fractional unit | Kuwaiti fractional unit fils
7%
Hong Kong fractional unit hòu
7%
Iraqi fractional unit | Yemeni fractional unit fils
7%
South Sudanese fractional unit piasters
7%
Sudanese fractional unit piasters (qirush)
7%
Syrian fractional unit piastres
7%
Egyptian fractional unit piastres (ersh)
7%
Lebanese fractional unit piastres (qirshi)
7%
Jordanian fractional unit qirsh (piastres)
7%
Hungarian fractional unit fillér
6%
Mongolian fractional unit möngö
6%
Serbian fractional unit paras
6%
Second Salvadoran fractional unit satoshi
6%
Fractional unit of China and Zimbabwe | Taiwanese fractional unit jiǎo
6%
Turkish fractional unit kuruş
6%
Croatian fractional unit lipa
6%
North Korean fractional unit chŏn
5%
Macanese fractional unit ho
5%
Icelandic fractional unit aurar
5%
Second Macanese fractional unit avos
5%
North Macedonian fractional unit deni
5%
Czech fractional unit haléřů
5%
South Korean fractional unit jeon
5%
Fractional unit of Mauritania and Western Sahara khoums
5%
Second Egyptian fractional unit milliemes
5%
Thai fractional unit satang
5%
Bulgarian fractional unit stotinki
5%
Georgian fractional unit tetri
5%
Omani fractional unit baisa
4%
Gambian fractional unit bututs
4%
Panamanian fractional unit centésimos
4%
Bhutanese fractional unit chhertum
4%
Saudi fractional unit halalas
4%
Abkhaz currency Abkhazian apsar
4%
Lao fractional unit att
4%
Uruguayan fractional unit centésimos
4%
Vietnamese fractional unit hào
4%
Salvadoran fractional unit millibitcoin
4%
Albanian fractional unit qindarka
4%
Malagasy fractional unit iraimbilanja
4%
Uzbekistani fractional unit tiyin
4%
Kazakhstani fractional unit tiyn
4%
Nigerian fractional unit kobo
4%
Artsakh fractional unit | Fractional unit of Armenia and Artsakh luma
4%
Tunisian fractional unit milim (millimes)
4%
Ghanaian fractional unit pesewas
4%
Bangladeshi fractional unit poisha
4%
Myanmar fractional unit pyas
4%
Azerbaijani fractional unit qəpik
4%
Samoan fractional unit sene
4%
Malawian fractional unit tambala
4%
Fractional unit of Botswana and Zimbabwe thebe
4%
Papua New Guinean fractional unit toea
4%
Kyrgyzstani fractional unit tyiyn
4%
Cambodian fractional unit kak
3%
Second Vietnamese fractional unit xu
3%
Zambian fractional unit ngwee
3%
Tongan superunit hau
2%
Superunit of South Africa Krugerrand
2%
Faroese fractional unit oyrur
2%
No matching quizzes found
Score Distribution
Percent of People with Each Score
Percentile by Number Answered
Your Score History
You have not taken this quiz since the last reset